[Event "BLR-chT"]
[Site "Minsk"]
[Date "2016.04.30"]
[Round "6"]
[White "Poleshchuk, Dmitriy"]
[Black "Podolchenko, Evgeniy"]
[Result "1/2-1/2"]
[WhiteElo "2182"]
[BlackElo "2409"]
[PlyCount "200"]
[EventDate "2016.04.25"]
[EventType "team-swiss"]
[EventRounds "7"]
[EventCountry "BLR"]
[SourceTitle "CBM 172 Extra"]
[Source "ChessBase"]
[SourceDate "2016.06.21"]
[SourceVersion "1"]
[SourceVersionDate "2016.06.21"]
[SourceQuality "1"]
[WhiteTeam "BGU"]
[BlackTeam "Vector"]
[WhiteTeamCountry "BLR"]
[BlackTeamCountry "BLR"]

1. e4 e6 2. d4 d5 3. Nc3 Nf6 4. Bg5 dxe4 5. Nxe4 Be7 6. Bxf6 gxf6 7. Nf3 a6 8. Bd3 f5 9. Ned2 b5 10. Qe2 Bb7 11. 0-0-0 Qd6 12. Kb1 Nd7 13. c4 bxc4 14. Nxc4 Qf4 15. Nfe5 Nxe5 16. Nxe5 Bd5 17. g3 Qh6 18. Rhg1 Qxh2 19. Bxa6 Rxa6 20. Qxa6 0-0 21. g4 f4 22. Qe2 Ra8 23. b3 Qh6 24. f3 Qg7 25. Rh1 f6 26. Nd3 Bd6 27. Rh5 Qg6 28. Rdh1 Kg7 29. Rxh7+ Qxh7 30. Rxh7+ Kxh7 31. Qh2+ Kg7 32. Nxf4 Rh8 33. Nh5+ Kf7 34. Qe2 Ke7 35. Qe3 Kf7 36. Nf4 Rh1+ 37. Kb2 Rh2+ 38. Kc3 Rxa2 39. Nxd5 exd5 40. Qd3 Kg7 41. Qf5 Ra5 42. f4 Ra8 43. Qxd5 Rh8 44. g5 Bxf4 45. Qd7+ Kg6 46. gxf6 Kxf6 47. d5 Bd6 48. b4 Rh6 49. b5 Kg5 50. Kd3 Rf6 51. Qg7+ Rg6 52. Qd7 Rf6 53. Qd8 Kf5 54. Qe8 Kg5 55. Ke3 Kh6 56. Qg8 Rg6 57. Qd8 Kg7 58. Ke4 Rf6 59. Qd7+ Kg6 60. Qe8+ Kg7 61. Qd8 Rf4+ 62. Kd3 Rf6 63. b6 cxb6 64. Qxb6 Kf7 65. Qb7+ Be7 66. Ke4 Kf8 67. Qc8+ Kf7 68. Qh8 Rd6 69. Qh5+ Kf8 70. Ke5 Rf6 71. Qh7 Ke8 72. Qg7 Kd7 73. Qg8 Rd6 74. Qb8 Bf6+ 75. Ke4 Be7 76. Qb5+ Kd8 77. Ke5 Rf6 78. Qa5+ Kd7 79. Qa8 Rd6 80. Qb8 Rf6 81. Qb7+ Ke8 82. Qb1 Rd6 83. Qh7 Kd7 84. Qg8 Rf6 85. Qg7 Rd6 86. Qf7 Rf6 87. Qg8 Rd6 88. Kd4 Rf6 89. Qg4+ Kd8 90. Ke5 Rd6 91. Qa4 Rf6 92. Qa5+ Kd7 93. Qa7+ Kd8 94. Ke4 Rd6 95. Kd4 Rf6 96. Qb8+ Kd7 97. Ke4 Rd6 98. Kd4 Rf6 99. Qh8 Rf4+ 100. Ke3 Rf6 1/2-1/2

[Event "EU-ch blitz"]
[Site "Minsk"]
[Date "2015.12.18"]
[Round "4.29"]
[White "Poleshchuk, Dmitriy"]
[Black "Rakhmanov, Alexander"]
[Result "0-1"]
[WhiteElo "2182"]
[BlackElo "2640"]
[PlyCount "76"]
[EventDate "2015.12.18"]
[EventType "swiss (blitz)"]
[EventRounds "22"]
[EventCountry "BLR"]
[SourceTitle "EXT 2017"]
[Source "ChessBase"]
[SourceDate "2016.10.25"]
[SourceVersion "1"]
[SourceVersionDate "2016.10.25"]
[SourceQuality "1"]

1. e4 c5 2. Nf3 Nf6 3. Nc3 d5 4. exd5 Nxd5 5. Bb5+ Bd7 6. Bxd7+ Qxd7 7. Nxd5 Qxd5 8. 0-0 Nc6 9. d3 g6 10. Bd2 Bg7 11. Bc3 Nd4 12. Nd2 0-0 13. Re1 e6 14. Nc4 b5 15. Ne3 Qc6 16. Ng4 Qd5 17. Bd2 f5 18. Ne3 Qd7 19. Bc3 a6 20. Bxd4 cxd4 21. Nf1 Rac8 22. Re2 Rc5 23. Qd2 Rfc8 24. Rae1 R5c6 25. h3 Qd5 26. b3 Re8 27. Nh2 e5 28. Nf3 Rce6 29. c4 dxc3 30. Qxc3 e4 31. d4 exf3 32. Rxe6 Rxe6 33. Qc8+ Kf7 34. Qc7+ Kf6 35. Rxe6+ Qxe6 36. Qd8+ Kf7 37. d5 Qe1+ 38. Kh2 Be5+ 0-1

[Event "SM-2012-0-00224"]
[Site "LSS email"]
[Date "2012.10.29"]
[Round "?"]
[White "Poleshchuk, Dmitriy"]
[Black "Ulasevich, Sergei"]
[Result "1/2-1/2"]
[WhiteElo "2258"]
[BlackElo "2306"]
[PlyCount "28"]
[EventDate "2012.10.19"]
[EventType "tourn (corr)"]
[EventRounds "6"]
[EventCountry "GER"]
[SourceTitle "Corr 2015"]
[Source "ChessBase"]
[SourceDate "2015.07.17"]
[SourceVersion "1"]
[SourceVersionDate "2015.07.17"]
[SourceQuality "1"]

1. d4 d5 2. c4 c6 3. Nc3 dxc4 4. a4 e5 5. Nf3 exd4 6. Qxd4 Qxd4 7. Nxd4 Nd7 8. e4 Bc5 9. Nf5 Ngf6 10. Nxg7+ Kf8 11. Nf5 Ng4 12. Be2 Nxf2 13. Rf1 Nd3+ 14. Bxd3 cxd3 1/2-1/2

[Event "SM-2012-0-00224"]
[Site "LSS email"]
[Date "2012.10.28"]
[Round "?"]
[White "Liamtsau, Valery"]
[Black "Poleshchuk, Dmitriy"]
[Result "1/2-1/2"]
[WhiteElo "2184"]
[BlackElo "2258"]
[PlyCount "53"]
[EventDate "2012.10.19"]
[EventType "tourn (corr)"]
[EventRounds "6"]
[EventCountry "GER"]
[SourceTitle "Telechess CBM 161"]
[Source "ChessBase"]
[SourceDate "2014.07.16"]
[SourceVersion "1"]
[SourceVersionDate "2014.07.16"]
[SourceQuality "1"]

1. e4 c5 2. Nf3 d6 3. d4 cxd4 4. Nxd4 Nf6 5. Nc3 a6 6. Bg5 e6 7. Be2 Be7 8. 0-0 h6 9. Be3 Qc7 10. f4 Nbd7 11. Bf3 Nb6 12. Bf2 Bd7 13. Nde2 e5 14. a4 Rc8 15. b3 Bc6 16. Qd2 0-0 17. a5 Nbd7 18. Ng3 Rfe8 19. f5 Bb5 20. Nxb5 axb5 21. Rfc1 d5 22. exd5 e4 23. Re1 Bb4 24. Qxb4 exf3 25. c4 bxc4 26. Rxe8+ Rxe8 27. Qxc4 1/2-1/2

[Event "Minsk op"]
[Site "Minsk"]
[Date "2010.08.12"]
[Round "9"]
[White "Poleshchuk, Dmitriy"]
[Black "Glidzhain, Gor Mikhailovich"]
[Result "0-1"]
[WhiteElo "2204"]
[BlackElo "2369"]
[PlyCount "86"]
[EventDate "2010.08.04"]
[EventType "swiss"]
[EventRounds "9"]
[EventCountry "BLR"]
[SourceTitle "CBM 137 Extra"]
[Source "ChessBase"]
[SourceDate "2010.09.01"]
[SourceVersion "1"]
[SourceVersionDate "2010.09.01"]
[SourceQuality "1"]

1. e4 c6 2. d4 d5 3. Nc3 dxe4 4. Nxe4 Nd7 5. Ng5 Ngf6 6. Bd3 e6 7. N1f3 Bd6 8. Qe2 h6 9. Ne4 Nxe4 10. Qxe4 Nf6 11. Qe2 b6 12. Bd2 Bb7 13. 0-0-0 Qc7 14. Ne5 0-0-0 15. f4 Kb8 16. Rhf1 Rhe8 17. Nc4 Bf8 18. f5 Rxd4 19. Bc3 e5 20. Bxd4 exd4 21. Qf2 c5 22. h3 b5 23. Na3 a6 24. Rfe1 Rxe1 25. Rxe1 Bd6 26. Rd1 c4 27. Be2 c3 28. Qxd4 cxb2+ 29. Qxb2 Qe7 30. Rxd6 Qxd6 31. c4 b4 32. Nc2 Qf4+ 33. Kd1 a5 34. g4 Ne4 35. Qd4 Nc3+ 36. Ke1 Qg3+ 37. Kd2 Qc7 38. Ne3 Nxa2 39. Qxg7 Qd6+ 40. Kc2 Be4+ 41. Kb2 Qd2+ 42. Kb3 Qxe3+ 43. Kxa2 Qa3# 0-1

[Event "Minsk op"]
[Site "Minsk"]
[Date "2010.08.05"]
[Round "2"]
[White "Lutsko, Igor"]
[Black "Poleshchuk, Dmitriy"]
[Result "1-0"]
[WhiteElo "2421"]
[BlackElo "2204"]
[PlyCount "68"]
[EventDate "2010.08.04"]
[EventType "swiss"]
[EventRounds "9"]
[EventCountry "BLR"]
[SourceTitle "CBM 137 Extra"]
[Source "ChessBase"]
[SourceDate "2010.09.01"]
[SourceVersion "1"]
[SourceVersionDate "2010.09.01"]
[SourceQuality "1"]

1. d4 Nf6 2. Nf3 g6 3. g3 Bg7 4. Bg2 0-0 5. 0-0 d5 6. c4 dxc4 7. Na3 Na6 8. Nxc4 c5 9. dxc5 Be6 10. Qxd8 Rfxd8 11. Nce5 Nxc5 12. Ng5 Bd5 13. Be3 Bxg2 14. Kxg2 Rd5 15. Ngxf7 Ne6 16. Rfd1 Rb5 17. Rab1 Rf8 18. b4 Nd5 19. Nh6+ Bxh6 20. Bxh6 Rf5 21. Rxd5 Rxd5 22. e4 Rfxe5 23. exd5 Rxd5 24. h4 Kf7 25. Be3 a6 26. a4 Nd4 27. Rc1 Nc6 28. Bc5 e5 29. Rc4 Ke6 30. Be3 h5 31. Kf3 Rd3 32. b5 axb5 33. axb5 Nd4+ 34. Ke4 Rb3 1-0

[Event "Wch U18"]
[Site "Kemer"]
[Date "2009.11.12"]
[Round "1"]
[White "Bogner, Sebastian"]
[Black "Poleshchuk, Dmitriy"]
[Result "1-0"]
[WhiteElo "2504"]
[BlackElo "2234"]
[PlyCount "71"]
[EventDate "2009.11.12"]
[EventType "swiss"]
[EventRounds "11"]
[EventCountry "TUR"]
[SourceTitle "EXT 2010"]
[Source "ChessBase"]
[SourceDate "2010.11.25"]
[SourceVersion "1"]
[SourceVersionDate "2010.11.25"]
[SourceQuality "1"]

1. d4 Nf6 2. c4 g6 3. Nc3 Bg7 4. e4 0-0 5. Nf3 d6 6. Be2 e5 7. dxe5 dxe5 8. Qxd8 Rxd8 9. Bg5 Re8 10. Nd5 Nxd5 11. cxd5 c6 12. Bc4 cxd5 13. Bxd5 Nc6 14. 0-0-0 Be6 15. Bxe6 Rxe6 16. Rd7 f5 17. Be3 b6 18. Rhd1 f4 19. Bd2 h6 20. Bc3 Rae8 21. Rc7 R8e7 22. Rxe7 Nxe7 23. Rd8+ Kf7 24. Rd7 a5 25. Kc2 g5 26. Rb7 Kf6 27. Nxe5 Bf8 28. Rxb6 Rxb6 29. Nd7+ Ke6 30. Nxb6 g4 31. Bxa5 Nc6 32. Bc3 h5 33. Nd5 Bd6 34. f3 Be5 35. a4 Bxc3 36. Kxc3 1-0

[Event "Minsk op"]
[Site "Minsk"]
[Date "2008.07.10"]
[Round "1"]
[White "Popov, Ivan1"]
[Black "Poleshchuk, Dmitriy"]
[Result "1-0"]
[WhiteElo "2594"]
[BlackElo "2182"]
[PlyCount "62"]
[EventDate "2008.07.10"]
[EventType "swiss"]
[EventRounds "9"]
[EventCountry "BLR"]
[SourceTitle "CBM 125 Extra"]
[Source "ChessBase"]
[SourceDate "2008.09.01"]
[SourceVersion "1"]
[SourceVersionDate "2008.09.01"]
[SourceQuality "1"]

1. e4 c5 2. Nf3 d6 3. d4 cxd4 4. Nxd4 Nf6 5. Nc3 Nc6 6. Bc4 Qb6 7. Nb3 e6 8. Bf4 Ne5 9. Be2 a6 10. g4 h6 11. Bg3 Qc7 12. f4 Nc4 13. Qd4 b5 14. e5 dxe5 15. fxe5 Nd7 16. Bf3 Bb7 17. Bxb7 Qxb7 18. 0-0-0 Rc8 19. Ne4 Qc6 20. Kb1 Ndb6 21. Bh4 Nd5 22. Rhe1 a5 23. Qa7 a4 24. Nd4 Qd7 25. Qxd7+ Kxd7 26. Nxb5 Rb8 27. Nec3 Bb4 28. b3 Ke8 29. Nxd5 exd5 30. c3 Ba5 31. bxc4 dxc4 1-0

[Event "Voronezh op-A"]
[Site "Voronezh"]
[Date "2008.06.20"]
[Round "8"]
[White "Bratus, Petr P"]
[Black "Poleshchuk, Dmitriy"]
[Result "0-1"]
[WhiteElo "2205"]
[BlackElo "2182"]
[PlyCount "128"]
[EventDate "2008.06.12"]
[EventType "swiss"]
[EventRounds "9"]
[EventCountry "RUS"]
[SourceTitle "CBM 125 Extra"]
[Source "ChessBase"]
[SourceDate "2008.09.01"]
[SourceVersion "1"]
[SourceVersionDate "2008.09.01"]
[SourceQuality "1"]

1. c4 g6 2. g3 Bg7 3. Bg2 e5 4. Nc3 Nc6 5. Rb1 d6 6. b4 Nf6 7. b5 Ne7 8. d3 0-0 9. Nf3 Ne8 10. 0-0 f5 11. Bg5 h6 12. Bxe7 Qxe7 13. Nd2 Kh7 14. a4 Rb8 15. Qc2 Be6 16. a5 Qd7 17. Nd5 Nf6 18. Rfc1 Qf7 19. Nxf6+ Bxf6 20. Bd5 Bg5 21. Bxe6 Qxe6 22. Kg2 h5 23. e3 Rbe8 24. Re1 Bh6 25. h4 Re7 26. Nf3 Qf6 27. d4 Ref7 28. dxe5 dxe5 29. Rb3 Rd8 30. Rd1 e4 31. Ne1 Rfd7 32. Rbb1 Qe6 33. Rxd7+ Qxd7 34. Qc1 Bg7 35. c5 Qd5 36. Rb4 Qa2 37. Qc4 Rd2 38. Qxa2 Rxa2 39. b6 axb6 40. axb6 c6 41. Rc4 Bf8 42. Nc2 Kg7 43. f3 Kf6 44. fxe4 fxe4 45. g4 Ke5 46. Kg3 Ra5 47. Nd4 Rxc5 48. Ra4 Rc3 49. gxh5 gxh5 50. Kf2 Ra3 51. Nxc6+ bxc6 52. b7 Rb3 53. Ra8 Bd6 54. Rh8 Rb2+ 55. Kf1 Rxb7 56. Rxh5+ Ke6 57. Rh6+ Kd5 58. h5 c5 59. Rh8 c4 60. h6 c3 61. Ke2 Rb2+ 62. Kd1 Rd2+ 63. Ke1 Rh2 64. h7 Be5 0-1

[Event "Voronezh op-A"]
[Site "Voronezh"]
[Date "2008.06.14"]
[Round "3"]
[White "Poleshchuk, Dmitriy"]
[Black "Onoprienko, Vladimir"]
[Result "1-0"]
[WhiteElo "2182"]
[BlackElo "2309"]
[PlyCount "66"]
[EventDate "2008.06.12"]
[EventType "swiss"]
[EventRounds "9"]
[EventCountry "RUS"]
[SourceTitle "CBM 125 Extra"]
[Source "ChessBase"]
[SourceDate "2008.09.01"]
[SourceVersion "1"]
[SourceVersionDate "2008.09.01"]
[SourceQuality "1"]

1. e4 g6 2. d4 Bg7 3. Nc3 d6 4. Be3 c6 5. Qd2 b5 6. f3 Nd7 7. g4 h5 8. gxh5 Rxh5 9. Nge2 b4 10. Nd1 a5 11. Ng3 Rh8 12. f4 Ngf6 13. Be2 Nb6 14. Nf2 Qc7 15. 0-0-0 Be6 16. Kb1 Bc4 17. f5 0-0-0 18. b3 Bxe2 19. Qxe2 Kb7 20. h4 a4 21. fxg6 fxg6 22. Nd3 Nh5 23. Nxh5 Rxh5 24. Nf4 Ra8 25. Nxh5 gxh5 26. Qxh5 c5 27. dxc5 Qc6 28. Qf7 Bf6 29. Bd4 axb3 30. axb3 Bxd4 31. Qxe7+ Ka6 32. Rxd4 dxc5 33. Rd6 Qc8 1-0

[Event "EU-ch U16 17th"]
[Site "Sibenik"]
[Date "2007.09.16"]
[Round "3"]
[White "Poleshchuk, Dmitriy"]
[Black "Varga, David"]
[Result "1-0"]
[WhiteElo "2073"]
[BlackElo "2257"]
[PlyCount "119"]
[EventDate "2007.09.14"]
[EventType "swiss"]
[EventRounds "9"]
[EventCountry "CRO"]
[SourceTitle "CBM 120 Extra"]
[Source "ChessBase"]
[SourceDate "2007.11.01"]
[SourceVersion "1"]
[SourceVersionDate "2007.11.01"]
[SourceQuality "1"]

1. e4 e6 2. d4 d5 3. Nd2 Nf6 4. e5 Nfd7 5. f4 c5 6. c3 Nc6 7. Ndf3 Qb6 8. g3 cxd4 9. cxd4 Be7 10. Kf2 0-0 11. Kg2 f6 12. Bd3 fxe5 13. fxe5 Nxd4 14. Nxd4 Nxe5 15. Bc2 Bc5 16. Ngf3 Ng4 17. h3 Nf6 18. Nb3 Bd6 19. Re1 Qc7 20. Nbd4 Bxg3 21. Nxe6 Bxe6 22. Rxe6 Rac8 23. Bf5 Rcd8 24. Bg5 Qc5 25. Qd4 Qxd4 26. Nxd4 Bd6 27. Rc1 Kf7 28. Rf1 Rfe8 29. Rxe8 Rxe8 30. Bxf6 gxf6 31. Bxh7 Bc5 32. Rd1 Kg7 33. Bf5 Kf7 34. Kf3 Re5 35. Bc8 b6 36. a3 a5 37. Rd3 Ke8 38. Nc6 Rh5 39. Bg4 Rh6 40. Rxd5 Kf7 41. Nd4 Rh8 42. Rd7+ Ke8 43. Nc6 Rh6 44. Be6 Kf8 45. Rd8+ Kg7 46. Nd4 Rh5 47. Bg4 Re5 48. Ne6+ Kf7 49. Nxc5 Rxc5 50. Rd6 Rb5 51. Rd2 Kg6 52. Kg3 Rb3+ 53. Bf3 Kg5 54. h4+ Kf5 55. h5 Kg5 56. Rh2 Kh6 57. Kf4 b5 58. Bd5 Rd3 59. Bf7 b4 60. axb4 1-0